<?xml version="1.0" encoding="UTF-8"?>
<collection xmlns="http://www.loc.gov/MARC21/slim">
  <record>
    <leader>00000nam  2200000   4500</leader>
    <controlfield tag="001">INLIS000000000810565</controlfield>
    <controlfield tag="005">20260607085205</controlfield>
    <datafield tag="035" ind1="#" ind2="#">
      <subfield code="a">0010-0626000002</subfield>
    </datafield>
    <controlfield tag="007">ta</controlfield>
    <controlfield tag="008">260607################g##########0#ind##</controlfield>
    <datafield tag="020" ind1="#" ind2="#">
      <subfield code="a">9786026486929</subfield>
    </datafield>
    <datafield tag="082" ind1="#" ind2="#">
      <subfield code="a">152.4</subfield>
    </datafield>
    <datafield tag="084" ind1="#" ind2="#">
      <subfield code="a">152.4 DAV t</subfield>
    </datafield>
    <datafield tag="100" ind1=" " ind2="#">
      <subfield code="a">David J. Lieberman ( Pengarang )</subfield>
    </datafield>
    <datafield tag="245" ind1="1" ind2="#">
      <subfield code="a">The Psychology of Emotion :</subfield>
      <subfield code="b">Mengerti Daya Ledak Emosi Dan Cara Ampuh Mengelolanya Hingga Kamu Bisa Tetap Tenang Terkendali Di Segala Sesuatu</subfield>
    </datafield>
    <datafield tag="250" ind1="#" ind2="#">
      <subfield code="a">Cetakan XXV</subfield>
    </datafield>
    <datafield tag="260" ind1="#" ind2="#">
      <subfield code="a">Tanggerang,New York :</subfield>
      <subfield code="b">Baca,Martin's press,</subfield>
      <subfield code="c">2025</subfield>
    </datafield>
    <datafield tag="300" ind1="#" ind2="#">
      <subfield code="a">xxi, 279 halaman :</subfield>
      <subfield code="b">ilustrasi ;</subfield>
      <subfield code="c">23 cm</subfield>
    </datafield>
    <datafield tag="700" ind1=" " ind2="#">
      <subfield code="a">Maria Lubis &amp; Dian Pranasari (Penerjemah)</subfield>
    </datafield>
    <datafield tag="700" ind1=" " ind2="#">
      <subfield code="a">Zia Anshor &amp; Dien Cahaya SF (Penyunting)</subfield>
    </datafield>
    <datafield tag="600" ind1="#" ind2="4">
      <subfield code="a">Emosi dan perasaan (Emotions and Feelings)</subfield>
    </datafield>
    <datafield tag="500" ind1="#" ind2="#">
      <subfield code="a">Buku ini merupakan hibah dari santri kelas XII Angkatan 3</subfield>
    </datafield>
    <datafield tag="990" ind1="#" ind2="#">
      <subfield code="a">00000005506</subfield>
    </datafield>
    <datafield tag="990" ind1="#" ind2="#">
      <subfield code="a">00000005507</subfield>
    </datafield>
  </record>
</collection>
